Rhône - mort subite - Statistiques

Statistiques générales
  • Ce quiz a été pris 11 fois
  • Le résultat moyen est 4 sur 18
Answers on the Grid
Answers color-coded by a green-red scale on the quiz's grid according to % correct below.
Domaine Royal de Château Gaillard
Part-Dieu
Lyon
Le lieu de naissance d'Édouard II d'Angleterre
Un aéroport international
Domaine de la Romanée-Conti
Villefranche-sur-Saône
Les Réginaburgiens
Villeurbanne
Vaulx-en-Velin
Roanne
Une mine de tungstène
La préfecture du Rhône
Le site d'un siège de la guerre de Cent Ans
Les Rhodaniens
Une frontière avec l'Isère
Hermitage AOC
Anse
Jons
Une frontière avec la Haute-Loire
Belleville-en-Beaujolais
Chaponost
Vénissieux
Condrieu AOC
La mosquée de Khamis Mushait
Gleizé
Genas
Saint-Bonnet-de-Mure
Côte-Rôtie AOC
Saint-Priest
Tarare
Une frontière avec la Drôme
Paray-le-Monial
Oingt
Nyons
Le lieu de production de la première automobile
 
Statistiques - réponses
Réponse % Correct
Villefranche-sur-Saône
80%
Celui de Lyon Un aéroport international
50%
Anse
20%
Belleville-en-Beaujolais
20%
Condrieu AOC
20%
Vignoble Domaine Royal de Château Gaillard
20%
Les habitants Les Rhodaniens
20%
Oingt
20%
Saint-Bonnet-de-Mure
20%
Tarare
20%
Une frontière avec l'Isère
20%
Chaponost
10%
Côte-Rôtie AOC
10%
Gleizé
10%
Jons
10%
Genas
0%
Hermitage AOC
0%
1434, Villefranche-sur-Saône Le site d'un siège de la guerre de Cent Ans
0%
Aucun quiz correspondant
Distribution des résultats
% des personnes avec chaque résultat
Percentile par nombre de réponses
Votre historique - résultats
Vous n’avez pas pris ce quiz